000 01661nam a2200277 i 4500
001 000037646
003 DO-SdBNP
005 20230925150742.0
007 ta
008 091124s1978 sp a 000 0 spa d
020 _a8439984553
040 _aDO-SdBNP
_bspa
_cBNPHU
_erda
082 4 _222
100 1 _aMarcelo, Nidia,
_91256
_eautora
245 1 0 _aMatemática actualizada 2 :
_bsegundo curso de primaria /
_cNidia Marcelo.
264 _aSanto Domingo :
_bSusaeta,
_c1978.
300 _a108 páginas :
_bilustraciones ;
_c25 cm.
336 _2rdacarrier
_atexto
_btxt
337 _2rdamedia
_asin mediación
_bn
338 _2rdacarrier
_avolumen
_bnc
490 _aEscuela dominicana ;
505 _tConjuntos --
_tPertenencia, no pertenencia --
_tSubconjuntos --
_tNúmeros naturales. La decena --
_tNúmeros naturales. La centena --
_tMayor , menor, igual, simbología --
_tNúmeros ordinales --
_tUnión de conjuntos disjuntos. Adición entre números --
_tPropiedad de la adición --
_tEjercicios de adicion --
_tAdición reagrupando --
_tSucesción de cardinales --
_tNúmeros romanos --
_tConjunto complementario. Sustración entre números naturales --
_tSustración reagrupando --
_tMultiplicación entre números naturales --
_tMúltiplos --
_tEjercicios de multiplicación --
_tMúltiplos --
_tEjercicios de adición --
_tLa división como repartición --
_tLa división --
_tLa fracción --
_tGeometría --
_tRevisión desena, centena, mil --
_tEl metro y el litro --
_tLa moneda --
_tEl reloj --
_tLos días de la semanas --
_tLos meses del año --
_tEjercicios de adición y sustración /
590 _aInventariado, 2023/BT
910 _aBtavárez
942 _2ddc
_cLBS1
999 _c37136
_d37136